[Event "FIDE GP"]
[Site "Dubai"]
[Date "2002.04.03"]
[Round "1.2"]
[White "Ivanchuk, Vassily"]
[Black "Bareev, Evgeny"]
[Result "1/2-1/2"]
[WhiteElo "2717"]
[BlackElo "2707"]
[Annotator "Psakhis,L"]
[PlyCount "100"]
[EventDate "2002.04.03"]
[EventType "k.o. (rapid)"]
[EventRounds "5"]
[EventCountry "UAE"]
[SourceTitle "CBM 089"]
[Source "ChessBase"]
[SourceDate "2002.08.12"]
[SourceVersion "1"]
[SourceVersionDate "2002.08.12"]
[SourceQuality "1"]

1. e4 e6 2. d4 d5 3. e5 c5 4. c3 Nc6 5. Nf3 Qb6 6. a3 Nh6 7. b4 cxd4 8. cxd4
Nf5 9. Bb2 Bd7 10. g4 Nfe7 (10... Nh6 11. Rg1 f6 12. exf6 gxf6 13. Nc3 Nf7 14.
Na4 Qc7 15. Rc1 Qf4 16. Rc3 Ng5 17. b5 Na5 18. Nxg5 fxg5 19. Bc1 Qxh2 20. Rgg3
Bd6 $132 {1/2-1/2 Savic,M-Lputian,S/BIH t-ch Neum 2002/(30)}) 11. Nc3 Na5 (
11... h5 $5 12. Na4 Qd8 13. Nc5 Ng6 14. gxh5 Rxh5 $132 {Benko,F-Giaccio,A/
Argentina 1997 (60)}) 12. Nd2 Rc8 13. Rc1 h5 $146 {Begginning of great idea,
but it is very interesting what White had in mind in the case of} (13... Ng6 $1
{which promise to Black nice game without completely unclear complications,
for example} 14. Bb5 (14. h4 Be7 15. h5 Nf4 16. Qf3 Bg5 17. Ne2 Rxc1+ 18. Nxc1
O-O $17 {1/2-1/2 Grischuk,A-Kruppa,Y/RUS Cup Elista 2000/CBM 79/[Psakhis,L] 
(28)}) 14... Nc6 15. Nf3 Be7 16. h4 Ncxe5 17. dxe5 Bxb5 18. h5 Nf8 19. Nxb5
Rxc1 20. Qxc1 Qxb5 21. Qc8+ Bd8 $17 {0-1 Alekseev,E-Ivanov,S/St Petersburg-ch
2001/ (35)}) 14. Rc2 Nc4 (14... Nac6 15. Na4 Qd8 16. Nc5) 15. Bxc4 dxc4 16.
Nce4 Nd5 17. Nxc4 Rxc4 $1 18. Rxc4 a5 $1 {Funny position. Black sacrifices an
exchange and a pawn, his pieces are not developed and it is not easy to prove
white's advantage!} 19. O-O (19. gxh5 axb4 20. a4 Qa6) 19... axb4 20. axb4 Qd8
21. Bc1 (21. g5 Bb5) (21. Re1 Bc6 $1 (21... Bb5 22. Rc5 $1 Bxc5 23. dxc5 Qh4
24. Nd6+ Kf8 25. Qf3 (25. Nxb5 hxg4 $40) 25... Be8 26. Ra1 hxg4 27. Ra8 $1) 22.
g5 Bxb4 $13) 21... Bb5 (21... hxg4 22. Bg5) 22. Bg5 (22. Qc2 Bxc4 23. Qxc4 hxg4
) (22. Rc2 Nxb4) 22... f6 23. exf6 gxf6 24. Rc5 $5 {[%mdl 2560] Who attacks
whom?} ({I think that White rightly avoided the line} 24. Nxf6+ Nxf6 25. Qc2
Rg8 $5 26. Rc8 Rxg5 $132) 24... Bxc5 25. dxc5 Bxf1 ({Worth considering} 25...
O-O $5) 26. Nxf6+ Kf7 27. Ne4 $8 {[%csl Gd6,Gg5] White grabs initiative in his
hands} Qc7 (27... Qg8 28. Qf3+ Ke8 29. Kxf1 hxg4 30. Qxg4 Rxh2 31. Qg3 {
[%cal Rg3b8]}) 28. Nd6+ Kg8 29. Qxf1 Qg7 $1 30. Qe2 $6 ({Ivanchuk could get
decisive advantage after} 30. h4 $5 Qg6 (30... hxg4 31. Qd3 {[%cal Gd3e4]} Nxb4
$140 $2 32. Qe4 $18) 31. Qa1 $1) 30... Qg6 31. h4 hxg4 32. Qxg4 Kh7 33. b5 (33.
h5 $142 $1 Qb1+ 34. Kh2 Rf8 35. Ne4 $16) 33... Ra8 {Looks that Black got real
counter chances, but it's only illusion!} 34. Qf3 (34. Nxb7 $5) 34... Kg8 35.
Kh2 (35. Nxb7 Qb1+ 36. Kh2 Qxb5 37. Nd6 Qd7 38. Qg4 $16) 35... Rf8 36. Qe2 Nc3
37. Qe1 Rf3 38. c6 $2 (38. Kg2 $1 Rd3 (38... Rf4 39. Qxc3 Rxh4 40. Qg3 $18) 39.
Qa1 $1 {[%csl Rb7] wins at once.}) 38... bxc6 39. b6 (39. bxc6 Nd5 $13) 39...
Qd3 $2 {Now Bareev missed his chance.} ({After} 39... e5 $1 40. Kg2 $1 (40.
Qxe5 $2 Rxf2+ 41. Kg1 {lose after brilliant} (41. Kg3 Qxd6 $1) 41... Rf4 $3 {
for example} 42. Qe8+ $8 (42. Qxc3 Qb1+ 43. Kg2 Qf1+ 44. Kg3 Qf2+ 45. Kh3 Rf3+
46. Qxf3 Qxf3+ 47. Kh2 Qe2+ 48. Kg3 Qd3+ $19) 42... Qxe8 43. Nxe8 Rb4 44. Be3
Nd5 $19) 40... Qe6 $1 41. b7 (41. Kxf3 $4 Qh3#) 41... Qg4+ 42. Kf1 Qh3+ $11 {
Black could make comfortable draw.}) 40. Qxe6+ Kh7 41. Be3 $6 {I suppose that
both players has severe time troubles, othercase Ivanchuk will play} (41. Qh6+
$1 Kg8 42. Be3 Rxe3 43. Qxe3 $1 Qxd6+ 44. Qg3+ $18) 41... Rxe3 42. Qf7+ $2 ({
White could win here maybe in the last time after} 42. Qd7+ $1 Kh6 43. b7 Rf3
44. Nf7+ $18) 42... Kh8 43. Qf6+ Kh7 44. fxe3 (44. b7 Rf3 45. Qe7+ Kh6 46. Qg5+
Kh7 47. Qh5+ Kg7 $11) 44... Qd2+ 45. Kh3 Qxe3+ 46. Kg4 Qg1+ 47. Kf5 Qf2+ 48.
Ke6 Qxf6+ 49. Kxf6 Nd5+ 50. Ke5 Nxb6 {A very interesting and difficult game,
and to make comments to it is similiar to solving Chinese puzzles!} 1/2-1/2

[Event "FIDE GP"]
[Site "Dubai"]
[Date "2002.04.03"]
[Round "1.3"]
[White "Ivanchuk, Vassily"]
[Black "Bareev, Evgeny"]
[Result "1-0"]
[WhiteElo "2717"]
[BlackElo "2707"]
[Annotator "Finkel,A"]
[PlyCount "113"]
[EventDate "2002.04.03"]
[EventType "k.o. (rapid)"]
[EventRounds "5"]
[EventCountry "UAE"]
[SourceTitle "CBM 089"]
[Source "ChessBase"]
[SourceDate "2002.08.12"]
[SourceVersion "1"]
[SourceVersionDate "2002.08.12"]
[SourceQuality "1"]

1. e4 e6 2. d4 d5 3. Nc3 Nf6 4. e5 Nfd7 5. f4 c5 6. Nf3 Nc6 7. Be3 Qb6 8. Na4
Qa5+ 9. c3 c4 10. b4 Qc7 11. Nb2 {White's idea is to close queenside and try
to break on the kingside. in this game Ivanchuk carries out this plan just
about perfectly!} (11. g3 Be7 12. Bh3 b5 13. Nc5 a5 14. a3 Nxc5 15. dxc5 O-O
16. Nd4 Qb7 17. O-O Bd7 18. Nxc6 Qxc6 19. Bd4 axb4 20. axb4 Rxa1 $11 {1/2-1/2
Luther,T-Atalik,S/Budapest 1991/CBM 23 ext (20)}) 11... Be7 (11... b5 12. a4 (
12. Be2 a5 13. a3 Qa7 (13... Be7 14. O-O f6 15. g3 O-O 16. Bf2 Nb6 17. Nh4 axb4
18. axb4 Rxa1 19. Qxa1 Bd7 $13 {Nowak,I-Cichocki,A/Warsaw 1990}) 14. O-O axb4
15. axb4 Qxa1 16. Qxa1 Rxa1 17. Rxa1 Nb6 18. Bd1 Be7 19. Bd2 Bb7 20. Bc2 $14 {
Moingt,J-Schemm,H/Lugano 1989}) 12... Rb8 (12... Ba6 13. g3 Be7 14. Bg2 O-O 15.
O-O Rfb8 16. f5 $16 {Gebigke,M-Wilke,M/Kassel 1996}) 13. axb5 Rxb5 14. Qa4 Qb6
15. Nxc4 dxc4 16. Bxc4 a6 17. O-O $16 {Kolar,S-Kozamernik,J/Bled 1992}) (11...
a5 12. b5 Ne7 13. a4 Nb6 14. Be2 Bd7 15. Kf2 (15. Bf2 O-O-O 16. Bh4 Be8 17. O-O
h6 18. Qd2 Bd7 19. Nd1 Re8 20. Ne3 $14 {Malbran,G-Belmonte,D/San Luis 1995})
15... O-O-O 16. Ng5 Be8 17. g4 h6 18. Nf3 Qd7 19. Qc2 $14 {Karner,C-Marzluf,D/
Werfen 1993}) 12. a4 $5 (12. Be2 O-O 13. O-O a5 14. b5 Nd8 15. a4 f5 16. Qd2
Nb6 17. Nd1 Bd7 $13 {Podkriznik,G-Soln,P/Bled 1998}) 12... O-O 13. Be2 Rb8 14.
O-O f5 $5 15. Qe1 a6 (15... a5 $5 16. b5 Nd8 17. Bd1 b6 18. Bc2 Kh8 19. Nd1 Rg8
20. Bc1 $14 {[%cal Gh2h3,Gg1h2,Gf1g1,Gg2g4,Gd1e3]}) 16. Kh1 b5 17. a5 Qd8 18.
Rg1 Rb7 19. Nd1 Kh8 20. Nf2 Qe8 21. Bd1 $1 {Bishop has to be on c2 to support
g4.} Bd8 22. Bc2 Ne7 23. Qe2 Rg8 $6 (23... Nb8 24. h3 Nbc6 25. g4 fxg4 26. hxg4
Ng6 27. Nh3 $14) 24. h3 Nf8 25. g4 Nfg6 26. Rg2 Rf8 {[%cal Gf8f4]} 27. Rag1
fxg4 $6 (27... Rc7 $5) 28. hxg4 Nxf4 (28... Rxf4 $6 29. Rh2 Rf8 30. Rg3 Rc7 31.
Rgh3 h6 32. Qd2 $16 {[%cal Ge3h6]}) 29. Bxf4 Rxf4 30. Rh2 Ng6 {Nothing changed}
(30... g6 31. Nh3 Rf8 32. Nhg5 Nc6 33. Rg3 Rg8 34. Rgh3 Rgg7 35. Rh6 Qg8 36.
Qe3 Rbc7 37. Nxh7 $1 Rxh7 38. Bxg6 $1 $18 {and black is helpless.}) 31. Rg3 Nf8
(31... Rf8 32. g5 Kg8 33. Nd2 $16 {[%cal Ge2h5]}) 32. g5 Kg8 33. Nh3 Rf5 (33...
Rff7 34. g6 Nxg6 35. Bxg6 hxg6 36. Nhg5 $18 {[%cal Gg3h3,Gh3h8]}) 34. Bxf5 exf5
35. Nf4 Qc6 36. Rgh3 g6 37. Rh6 Be6 38. Qg2 Rg7 39. Ne1 Rd7 40. Nc2 Qb7 41. Ne3
Qc6 42. R2h4 {[%csl Rd5,Rh7]} Be7 {[%csl Gg5] Bishop has to remain on the
diagonal d8-h4 in order to put a pressure on g5.} 43. Kg1 Bd8 44. Kf1 Be7 45.
Ke2 Bd8 46. Kd2 Be7 47. Kc2 Bd8 48. Kb2 Be7 (48... Bc7 49. Qh1 $1 Bd8 50. Nxg6
$1 hxg6 51. Rh8+ Kf7 52. R4h7+ Ke8 53. Rxf8+ Kxf8 54. Qh6+ Ke8 55. Rh8+ Ke7 56.
Qf8#) 49. Rxh7 $1 {Breaking up black king's shelter.} Nxh7 50. Nxg6 Bd8 51. Nf4
{[%cal Gh4h6,Gg2h3,Gg5g6]} Nxg5 (51... Rg7 52. Nxe6 Qxe6 53. Rh6 Qd7 54. Rd6
$18) 52. Rh6 Rg7 53. Nxf5 $1 Rf7 54. Rxe6 Qd7 55. Rg6+ Kf8 56. e6 Qc7 57. Nxd5
1-0

[Event "FIDE GP"]
[Site "Dubai"]
[Date "2002.04.03"]
[Round "1.4"]
[White "Bareev, Evgeny"]
[Black "Ivanchuk, Vassily"]
[Result "0-1"]
[WhiteElo "2707"]
[BlackElo "2717"]
[Annotator "Huebner,R"]
[PlyCount "52"]
[EventDate "2002.04.03"]
[EventType "k.o. (rapid)"]
[EventRounds "5"]
[EventCountry "UAE"]
[SourceTitle "CBM 089"]
[Source "ChessBase"]
[SourceDate "2002.08.12"]
[SourceVersion "1"]
[SourceVersionDate "2002.08.12"]
[SourceQuality "1"]

1. c4 c6 2. d4 d5 3. Nf3 Nf6 4. e3 Bf5 5. Nc3 e6 6. Nh4 Be4 7. f3 Bg6 8. Qb3
Qc7 9. Bd2 Be7 10. O-O-O {Der König scheint mir in dieser Stellung auf dem
Damenflügel nicht besonders gut zu stehen. In der Vorgängerpartie geschah} (10.
g3 Bh5 11. Be2 g5 12. Ng2 h6 13. Rc1 Qb6 14. Qc2 Bg6 15. Bd3 Bxd3 16. Qxd3 Qa6
17. b3 Nbd7 18. Ke2 O-O-O 19. c5 Qxd3+ 20. Kxd3 Ne8 21. b4 Nc7 22. a4 b6 23.
Ne2 Kb7 24. Rb1 f5 25. Rhc1 e5 26. f4 e4+ 27. Kc2 g4 28. Kd1 b5 29. Ra1 h5 30.
Nh4 Bxh4 31. gxh4 a6 {1/2-1/2 Karpov,A-Bacrot,E/Cannes 2000/CBM 76 (31).})
10... Nbd7 11. cxd5 (11. Nxg6 hxg6 12. g3 $11) 11... Nxd5 12. Nxg6 hxg6 13. h3
$6 (13. e4 {gefällt mir besser.}) 13... a5 14. a3 $2 {Dies scheint mir schon
ein positioneller Bock zu sein.} (14. e4 {führt noch stets zu einer vollkommen
befriedigenden Stellung für Weiß.}) 14... b5 15. Nxd5 (15. e4 {ist nun schon
nicht mehr ganz befriedigend:} b4 (15... a4 {ist weniger klar:} 16. Qc2 b4 17.
Nxd5 exd5 18. Bxb4 (18. exd5 {ist schwächer:} bxa3 19. Qxc6 Qb8 20. Bb5 O-O 21.
Qxd7 Ra7 {, und Schwarz gewinnt.}) 18... Bxb4 19. axb4 Qb6 20. Qc3 {usw.}) 16.
exd5 ({Nach} 16. axb4 axb4 17. Na2 N5f6 {ist die Stellung höchst ungemütlich
für Weiß.}) 16... cxd5 17. Kb1 bxc3 {usw.}) 15... exd5 16. Kb1 ({Auch nach} 16.
e4 Nb6 {erhält Schwarz Vorteil.}) 16... Nb6 17. e4 Nc4 18. exd5 a4 19. Qc2 cxd5
20. Bd3 $2 {Ich bin dagegen, solche Feinde wie den Springer auf c4 zu dulden;
schließlich muß man sie doch eliminieren. Nach} (20. Bxc4 bxc4 21. Rhe1 O-O 22.
Rxe7 Qxe7 23. Bb4 Qe3 24. Bxf8 Kxf8 {hat Weiß ein schweres Leben, braucht aber
noch nicht zu verzweifeln.}) 20... Rb8 21. Rhe1 O-O 22. Bxc4 ({Nach} 22. Bf4
Qxf4 23. Rxe7 Qd6 24. Re2 (24. Rde1 b4 {ist auch nicht verlockend für Weiß.})
24... Rfc8 {wird sich der Angriff des Schwarzen bald durchsetzen.}) 22... bxc4
23. Qxa4 $2 {Dies ist Selbstmord, aber die Lage war natürlich unbequem für
Weiß, zum Beispiel} (23. Bf4 Qxf4 24. Rxe7 Rb3 {, und Schwarz gewinnt.}) 23...
Ra8 (23... c3 {sieht ebenfalls stark aus.}) 24. Qb5 Bxa3 25. Bc3 Rfb8 26. Qxd5
Bxb2 0-1

[Event "FIDE GP+"]
[Site "Dubai"]
[Date "2002.04.07"]
[Round "4.1"]
[White "Ivanchuk, Vassily"]
[Black "Short, Nigel D"]
[Result "1-0"]
[WhiteElo "2717"]
[BlackElo "2663"]
[Annotator "Postny,E"]
[PlyCount "87"]
[EventDate "2002.04.03"]
[EventType "k.o. (rapid)"]
[EventRounds "5"]
[EventCountry "UAE"]
[SourceTitle "CBM 089"]
[Source "ChessBase"]
[SourceDate "2002.08.12"]
[SourceVersion "1"]
[SourceVersionDate "2002.08.12"]
[SourceQuality "1"]

1. e4 e5 2. Nf3 Nc6 3. d4 exd4 4. Nxd4 Bc5 5. Nxc6 Qf6 6. Qd2 bxc6 {This
recapture gains some popularity nowadays. The main line is 6...dc.} 7. Nc3 (7.
Bd3 {is another continuation here.}) 7... Ne7 {Short also tried here: 7...d6
against Morozevich (Wijk aan Zee 2000) and 7...Nh6 against Nataf (FIDE Wch
2000).} 8. Na4 ({More often white plays here} 8. Bd3 {, for example - see the
game Sadvakasov-Kramnik /Astana 2001/CBM 84 [Postny]}) ({White also tried} 8.
Qf4) 8... Bd6 {In almost all preceding games black choose another retreat 8...
Bb6, but Short does not want to give his dark-squared B so early.} (8... Bb6 9.
Bd3 O-O 10. O-O d6 11. Rb1 Ng6 12. Kh1 Ne5 13. Be2 Qh4 14. Qf4 Qxf4 15. Bxf4
Re8 16. f3 f5 $11 {1/2-1/2 Rublevsky,S-Lautier,J/Bastia 2001/EXT 2002 (20)}) 9.
f4 {The most principle move in the position.} Ng6 10. g3 (10. e5 $2 Bxe5 11.
fxe5 Qh4+ {[%csl Ra4,Re1] A typical trap in Scotch.}) 10... O-O 11. Qe3 $146 (
11. Bg2 Ba6 12. Qe3 Rfe8 13. Bd2 Ne7 14. O-O-O Nd5 15. Qf3 Nb6 16. Nxb6 axb6
17. e5 Qe6 18. b3 Bf8 $11 {1-0 Ehlvest,J-Blatny,P/Stratton Mountain 2000/EXT
2001 (50)}) (11. e5 Nxe5 $6 12. fxe5 Qxe5+ 13. Qe2 $8 Qa5+ 14. Nc3 Bb7 15. Qf3)
11... Re8 12. Bd2 Qe7 $6 {[%csl Rg6] This move is typical for the game with
short time-control. Black has now an immideate threat, but it can be parried
easily and black's N remains unemployed for a long time.} ({Comes into
consideration} 12... Ne7 {the same idea as in the above-mentioned game
Ehlvest-Blatny.} 13. O-O-O (13. e5 Nd5) 13... Nd5 14. Qd3 Nb4 $132) 13. Bg2 Bb4
14. O-O-O Rb8 $6 (14... Bxd2+ 15. Rxd2 d6 $14) 15. Rhe1 $6 {Missing the chance
to get big advantage.} (15. c3 $1 Bd6 (15... Ba5 $2 16. Qxa7 Rb5 17. Bf1 $18)
16. e5 Qd8 17. Qxa7 $16) 15... d6 16. Bxb4 ({Again strong is} 16. c3 Ba5 17.
Qxa7 Rb5 18. e5 {[%csl Rc6]} d5 19. Bf1 $16) 16... Rxb4 17. Nc3 (17. Qxa7 Bg4
18. Rd3 Reb8 19. a3 R4b7 20. Qe3 $16) 17... Rb6 18. h4 h6 $6 (18... Bg4 19. Rd4
(19. Bf3 Bxf3 20. Qxf3 Reb8 21. b3 {with only slight edge for white.}) 19...
Reb8 $14) 19. Rd4 Nf8 {transfering the N to better pastures.} 20. Ra4 a6 21.
Qd2 Nd7 22. Rd4 Nf6 23. e5 Ng4 $2 {This looks like an oversight.} ({Necessary
was} 23... d5 {although after} 24. Na4 {black has unpleasant position.}) 24.
Na4 {[%csl Rb6,Rc6] Winning a pawn for nothing.} Rb8 25. Bxc6 Bd7 26. Bxd7 Qxd7
27. b3 $6 ({Why not} 27. exd6 {?}) 27... Qc6 ({More stubborn would be} 27...
Qe7 28. Rde4 dxe5 29. fxe5 h5) 28. Rc4 Qb7 (28... Qf3 29. Qc3 Qxc3 30. Nxc3
dxe5 31. Rxc7 exf4 32. Rxe8+ Rxe8 33. gxf4 $18) 29. Qc3 Re7 30. Kb2 Rbe8 31.
exd6 $1 cxd6 (31... Rxe1 32. d7 $18 {[%csl Re1,Re8]}) 32. Rxe7 ({Also winning
for white is} 32. Rc7 Qxc7 33. Qxc7 Rxe1 34. Qxd6 $18) 32... Qxe7 33. Rc8 {
Simplifying to winning endgame.} Ne3 34. Rxe8+ Qxe8 35. Qd3 d5 36. Nc3 (36.
Qxa6 $2 Nd1+ $132) 36... Qe6 37. h5 f5 38. a4 Kf7 39. a5 {[%csl Ra6] Black is
a pawn down and his other pawns are also weak. White's K is in safe place, so
there is not a single chance for black.} g6 40. hxg6+ Kxg6 41. Na4 Qf6+ 42. Kb1
d4 43. Nc5 h5 44. Qxa6 1-0

[Event "FIDE GP+"]
[Site "Dubai"]
[Date "2002.04.08"]
[Round "5.1"]
[White "Ivanchuk, Vassily"]
[Black "Lautier, Joel"]
[Result "1/2-1/2"]
[WhiteElo "2717"]
[BlackElo "2687"]
[Annotator "Rogozenco,D"]
[PlyCount "132"]
[EventDate "2002.04.03"]
[EventType "k.o. (rapid)"]
[EventRounds "5"]
[EventCountry "UAE"]
[SourceTitle "CBM 089"]
[Source "ChessBase"]
[SourceDate "2002.08.12"]
[SourceVersion "1"]
[SourceVersionDate "2002.08.12"]
[SourceQuality "1"]

1. e4 c5 2. Nf3 Nc6 3. d4 cxd4 4. Nxd4 Nf6 5. Nc3 e5 6. Ndb5 d6 7. Bg5 a6 8.
Na3 b5 9. Nd5 Be7 10. Bxf6 Bxf6 11. c3 O-O 12. Nc2 Rb8 13. Bd3 (13. h4 {
Probably this remains the critical continuation, although the set-up starting
with 13. ... Be7 seems to solve Black's opening problems. Below is a recent
example from Lautier's practice:} Be7 14. Nce3 Be6 15. b4 Qd7 16. a4 Bd8 17.
axb5 axb5 18. g3 Ne7 19. Bg2 Qb7 {1/2-1/2 Nisipeanu,L-Lautier,J/France 2001.})
13... Bg5 14. h4 Bh6 15. g4 {As usually, Ivanchuk chooses an original opening
plan. White advances his kingside pawns and gains some space advantage.
However, the weakness of square f4 and as a consequence of square e5 (after
the usual Nd5xf4) gives Black good counterchances, even in case of a loss of a
pawn.} Bf4 16. Qe2 {This is new. White played 16.Qf3 before and I don't see a
clear advantage of Ivanchuk's 16.Qe2 if comparing to 16.Qf3, maybe only that
after Nxf4 exf4 the move Nc6-e5 will be made without gaining a tempo. An
example which shows the consequenses of White's weaknesses on the kingside:} (
16. Qf3 Be6 17. a3 (17. Nxf4 exf4 (17... Qf6 $11) 18. Qxf4 Ne5 19. Be2 Bxg4 $1
$15) 17... Re8 18. Nce3 Bxe3 19. Nxe3 a5 20. Nf5 b4 21. axb4 axb4 22. Ra6 Rb6
23. Rxb6 Qxb6 24. O-O bxc3 25. bxc3 Qc5 26. Bb1 d5 27. h5 Bxf5 28. gxf5 d4 29.
cxd4 exd4 30. Kh1 Qe7 31. Qg3 Qf6 32. f4 Qh6 33. Qh2 Nb4 34. e5 d3 35. Rd1 Rd8
36. Qh4 Rd4 37. Rc1 Qa6 38. Qe7 Qa8+ 39. Kg1 d2 40. Rd1 Nd5 41. Qc5 Ne3 42. Be4
Rxe4 43. Rxd2 Ng4 {0-1 Vasquez Ramirez,R-Cmilyte,V/Oropesa del Mar 1999.})
16... Be6 17. g5 Re8 18. Kf1 Qd7 19. Kg2 Qb7 20. f3 Ne7 (20... Bxd5 {deserved
serious attention. For instance:} 21. exd5 Ne7 22. Qe4 g6 {[%csl Rd5,Rg3,Rg5,
Rh4][%cal Ge7f5,Ga6a5,Gh7h6] and white king might easily become weaker than
Black's.}) 21. Nxf4 $1 {Now that black knight went to e7 this trade looks
logical. In the arising position White has some initiative.} exf4 22. Nd4 Ng6 (
22... Nc6 23. Nxc6 Qxc6 24. Qd2 $14) 23. Qd2 Qe7 24. Kf2 {/\25.h5} d5 25. exd5
(25. h5 $5 Ne5 26. h6 $36) 25... Bxd5 26. Bxg6 $1 fxg6 (26... Qe3+ $5 27. Qxe3
fxe3+ 28. Kg3 $13) (26... hxg6 $2 27. Qxf4) 27. Rae1 (27. Qxf4 Rf8 $44) 27...
Qf7 28. a3 {Next White wants to trade all rooks and with the queen and strong
knight on d4 he will have a certain advantage. Lautier decided to sac the
f-pawn and get some compensation. White has troubles to convert his material
advantage into a full point because of his somewhat exposed king, but it is
clear that Black must play very inventive to escape. In the game he managed it.
} Re3 (28... Rbd8 29. Rxe8+ Rxe8 30. Re1 $14) (28... Rf8 {Keeping all rooks on
the board would have been an interesting decision. One rook protects pawn f4
from f8, the other one is active on d8, while the queen creates some threats 
(for instance to penetrate on h3). Still White is slightly better:} 29. Re5
Rbd8 30. Rhe1 Qb7 (30... Qd7 31. Ne2 $1) 31. Re7 Qc8 32. Rh1 Qc5 33. Qe2 $14)
29. Rxe3 fxe3+ 30. Qxe3 Re8 31. Qd2 Rf8 32. Rh3 Kh8 33. Rg3 Re8 34. Rg4 Rf8 35.
Qe3 Bb7 36. Ne6 $2 (36. Kg3 $5 Qc7+ 37. Rf4 $1 {/\ 38.Ne6} Bd5 38. Ne2 Qb8 (
38... Bc4 39. Kg2 Rd8 40. Re4 $16) 39. Kf2 Re8 40. Qd2 {And White seems slowly
to improve, for instance:} (40. Qd4 Bc4 $132 {[%cal Ge8d8]}) 40... Bc4 41. Ng3
Rd8 42. Rd4 $16) 36... Qxf3+ (36... Re8 $1 37. Rf4 Qe7 {followed by 38. ...
Bc8 and Black wins the knight.}) 37. Qxf3 Rxf3+ 38. Ke2 Rf5 39. Rd4 {Both
sides have missed 36. ... Re8 probably because of severe time trouble. Now
Black ended up in a difficult position again, but succeeded to save half a
point though.} Bd5 40. Nf4 Bc4+ 41. Ke3 Rf8 42. a4 Kg8 43. a5 Re8+ 44. Kf3 Re1
45. Rd8+ Kf7 46. Rd7+ Kf8 47. Ra7 Rb1 48. Rxa6 Rxb2 49. Ra8+ (49. Ke4 $16)
49... Ke7 50. Ra7+ Kd6 51. Ke3 (51. Rxg7 Rc2 52. Rxh7 Rxc3+ 53. Kf2 Ra3 54. Rb7
Rxa5 55. Nxg6 $16) 51... Rc2 52. Kd4 Rd2+ 53. Ke4 Rc2 54. Rxg7 Rxc3 55. Rxh7
Ra3 56. Rg7 Kc5 57. Rxg6 b4 58. Ne6+ Kb5 59. Nd4+ Kxa5 60. Rg7 $2 (60. Rc6 $16
Bd3+ (60... b3 61. Rxc4 b2 62. Rc5+ $18) 61. Ke5 b3 62. Rc3 $18) 60... Rh3 $1
61. Rb7 Rxh4+ 62. Ke5 Rg4 63. Nc6+ Ka6 64. Rxb4 Rxg5+ 65. Kd6 Rd5+ 66. Kc7 Bb5
1/2-1/2